000 00471nam a22001577a 4500
020 _a9788178089904
040 _cNust
082 _a670
_bKAL
100 _aSerope Kalpakijan
_9124926
110 _aSteven R. Schmid
_9123988
245 _aManufacturing process for engineering materials
250 _a4th edition
260 _aNew Delhi:
_bPearson education services,
_c2003.
650 _aManufacturing process for engineering materials
_9125000
942 _2ddc
_cBK
999 _c610764
_d610764